000 00657nam a2200193 a 4500
001 000028005
005 20260302080342.0
008 110406s1984 dr 000 p spa d
040 _aDO-SdBNP
_bspa
_cBNPHU
082 _axxx
_bA414d
110 1 _aInstituto Nacional de la Vivienda
_936496
245 1 0 _aDécimas populares /
_cJuan Antonio Alix, Vicente T. Mendoza (México), Antonio Restituyo.
260 _a[Santo Domingo] :
_bInstituto Nacional de la Vivienda,
_c1984.
300 _a[18] p. ;
_c17 cm.
700 1 _aAlix, Juan Antonio,
_d1833-1918
_911349
700 1 _aMendoza, Vicente T.
_955050
700 1 _aRestituyo, Antonio
_938063
049 _aBNPD
999 _c27497
_d27497